000 00633nam a2200229Ia 4500
003 OSt
005 20220918222503.0
006 a|||||r|||| 00| 0
007 ta
008 220917b |||||||| |||| 00| 0 eng d
024 _a217,066
037 _cTextual
040 _aARTS
_cARTS
_beng
041 _2eng
_aeng
082 _aV1k,F, P2(RR)
100 _aHurdman Charlotte ...(et...at)
_9143301
245 0 _aEncyclopedia of Ancient History
260 _aLondon
_bLorenz Books
_c2000
650 _aHISTORY
942 _hV1k,F, P2(RR)
_cTEXL
_2CC
999 _c275688
_d275688